000 00320nam a2200145Ia 4500
003 SEM
008 141116s9999 xx 000 0 und d
080 _a891.981 Դ-27
100 _aԴարյան Զարզանդ
245 _aՀասմիկ
260 _aԵրևան
260 _c1969
300 _a343
942 _2udc
_cBK
999 _c45930
_d45930